Science Quiz

Random Science or Nintendo Quiz

Bones Top to Toe Quiz Stats

Quiz not verified by Sporcle

http://www.fotosearch.com/bigcomp.asp?path=LIF/LIF155/MM101001.jpg
Score 0/123 Timer 15:00
0 Plays Today
% Correct
Frontal
81.6%
Mandible
80.3%
Femur
80.3%
Parietal
78.9%
Temporal
77.6%
Clavicle
77.6%
Tibia
77.6%
Occipital
76.3%
Ulna
76.3%
Radius
76.3%
Fibula
76.3%
Sternal body
75%
Maxilla
72.4%
Scapula
72.4%
Humerus
72.4%
Zygomatic
69.7%
Ilium
69.7%
Patella
68.4%
Sphenoid
65.8%
Ethmoid
65.8%
Sacrum
64.5%
Trapezium
64.5%
Nasal
63.2%
Coccyx
63.2%
Lacrimal
60.5%
Lunate
60.5%
Axis
59.2%
Hyoid
59.2%
Capitate
59.2%
Trapezoid
59.2%
Vomer
57.9%
Atlas
57.9%
Hamate
57.9%
Talus
57.9%
Malleus
56.6%
Incus
56.6%
Cuboid
56.6%
Stapes
55.3%
Scaphoid
55.3%
1st Rib
53.9%
2nd Rib
53.9%
% Correct
3rd Rib
53.9%
6th Rib
53.9%
7th Rib
53.9%
Navicular
53.9%
5th Rib
52.6%
8th Rib
52.6%
Pisiform
52.6%
Calcaneus
52.6%
Inferior nasal concha
51.3%
4th Rib
51.3%
Lateral Cuneiform
51.3%
T1
50%
Manubrium
50%
10th Rib
50%
Medial Cuneiform
50%
C3
48.7%
C4
48.7%
T2
48.7%
T3
48.7%
T4
48.7%
T5
48.7%
T6
48.7%
T7
48.7%
T8
48.7%
T9
48.7%
9th Rib
48.7%
T11
48.7%
L1
48.7%
L2
48.7%
L3
48.7%
L4
48.7%
Intermediate Cuneiform
48.7%
C5
47.4%
T10
47.4%
11th Rib
47.4%
T12
47.4%
12th Rib
47.4%
L5
47.4%
1st Metacarpal
47.4%
2nd Metacarpal
47.4%
5th Metacarpal
47.4%
% Correct
3rd Metacarpal
47.4%
Xiphisternum
46.1%
4th Metacarpal
46.1%
1st Proximal Phalanx
44.7%
5th Proximal Phalanx
44.7%
4th Proximal Phalanx
44.7%
2nd Proximal Phalanx
44.7%
3rd Proximal Phalanx
44.7%
2nd Proximal Phalanx
44.7%
1st Proximal Phalanx
44.7%
1st Distal Phalanx
44.7%
4th Proximal Phalanx
44.7%
3rd Proximal Phalanx
44.7%
C6
43.4%
C7
43.4%
4th Distal Phalanx
43.4%
5th Distal Phalanx
43.4%
3rd Distal Phalanx
43.4%
3rd Distal Phalanx
43.4%
4th Distal Phalanx
43.4%
5th Distal Phalanx
43.4%
Triquetrum
42.1%
2nd Distal Phalanx
42.1%
2nd Distal Phalanx
42.1%
2nd Metatarsal
40.8%
1st Metatarsal
40.8%
4th Metatarsal
40.8%
5th Metatarsal
40.8%
2nd Middle Phalanx
39.5%
3rd Middle Phalanx
39.5%
3rd Metatarsal
39.5%
2nd Middle Phalanx
39.5%
3rd Middle Phalanx
39.5%
5th Middle Phalanx
38.2%
4th Middle Phalanx
38.2%
4th Middle Phalanx
38.2%
5th Middle Phalanx
38.2%
Sesamoid
36.8%
Sesamoid
36.8%
Sesamoid
36.8%
1st Distal Phalanx.First Distal Phalanx
31.6%

You're not logged in!

Compare scores with friends on all Sporcle quizzes.
Join for Free
OR
Log In

You Might Also Like...

Show Comments

Extras

Top Quizzes Today


Score Distribution

Your Account Isn't Verified!

In order to create a playlist on Sporcle, you need to verify the email address you used during registration. Go to your Sporcle Settings to finish the process.

Report this User

Report this user for behavior that violates our Community Guidelines.

Details: